[Event "PRO League Group Stage"]
[Site "chess.com INT"]
[Date "2019.03.14"]
[Round "10"]
[White "Osmanodja, Filiz"]
[Black "Agrest, Inna"]
[Result "0-1"]
[WhiteTitle "WIM"]
[BlackTitle "WIM"]
[WhiteElo "2318"]
[BlackElo "2275"]
[WhiteTeam "Berlin Bears"]
[BlackTeam "Baden-Baden Snowballs"]
[WhiteFideId "24633569"]
[BlackFideId "1708830"]
[EventDate "2019.01.08"]

1. e4 e5 2. Nf3 Nc6 3. Bb5 a6 4. Ba4 Nf6 5. d3 b5 6. Bb3 Bc5 7. Nc3 h6 8. Nd5
Rb8 9. c3 d6 10. d4 Ba7 11. O-O Bg4 12. h3 Bxf3 13. Qxf3 exd4 14. Qg3 Kf8 15.
Bf4 Nxd5 16. exd5 Ne7 17. Rae1 Nf5 18. Qd3 Qf6 19. Re4 dxc3 20. bxc3 g6 21. Bc1
Kg7 22. Rf4 Qe5 23. g4 Nh4 24. Be3 Bc5 25. Bd4 Bxd4 26. Qxd4 Qxd4 27. cxd4 Rhe8
28. Bc2 Re2 29. Rc1 Rbe8 30. Bd3 Re1+ 31. Rxe1 Rxe1+ 32. Kh2 Ra1 33. Re4 Rxa2
34. Kg3 g5 35. Re7 Ra3 36. Re3 Ng6 37. Kf3 Nf4 38. Bf5 Rxe3+ 39. fxe3 Nxd5 40.
Bc8 a5 41. Ke4 Nc3+ 42. Kd3 b4 43. Bd7 Kf6 44. Kc4 d5+ 45. Kb3 Ke7 46. Bf5 Kd6
47. Bd3 c6 48. Bc2 Ke6 49. Bd3 Kf6 50. Bf5 Nd1 51. Bc2 Nxe3 52. Bd3 Ke6 53. Ka4
Kd6 54. Kxa5 b3 55. Ka4 Nc2 56. Kxb3 Nxd4+ 57. Kc3 c5 58. Bh7 Ke5 59. Bg8 f6 60.
Kd3 Nf3 61. Ke3 Ng1 62. h4 gxh4 63. Kf2 Nh3+ 64. Kg2 Ng5 65. Kh2 h3 66. Kg3 d4
67. Bc4 Ke4 68. Kh2 Ke3 69. Kg3 d3 70. Kh4 h2 71. Kg3 h1=Q 72. Bxd3 Qh3# 0-1

[Event "PRO League Group Stage"]
[Site "chess.com INT"]
[Date "2019.03.14"]
[Round "10"]
[White "Sebenik, Matej"]
[Black "Lagarde, Maxime"]
[Result "0-1"]
[WhiteTitle "GM"]
[BlackTitle "GM"]
[WhiteElo "2540"]
[BlackElo "2604"]
[WhiteTeam "Ljubljana Turtles"]
[BlackTeam "Cannes Blitzstreams"]
[WhiteFideId "14602296"]
[BlackFideId "662399"]
[EventDate "2019.01.08"]

1. Nf3 Nc6 2. d4 d6 3. d5 Ne5 4. Nxe5 dxe5 5. e4 Nf6 6. Bb5+ Bd7 7. Qe2 a6 8.
Bc4 e6 9. dxe6 fxe6 10. O-O Bd6 11. Nd2 O-O 12. Nf3 Qe8 13. Bg5 Qg6 14. Bxf6
Rxf6 15. Rad1 Bc6 16. Nd2 Raf8 17. f3 Bc5+ 18. Kh1 Kh8 19. Rfe1 Qg5 20. c3 Be8
21. b4 Bb6 22. Bb3 Bh5 23. Rf1 Rh6 24. Nc4 Ba7 25. Qd2 Qh4 26. g4 Be8 27. Nxe5
Be3 28. Qg2 Bf4 29. Nd3 Bxh2 30. g5 Bf4+ 31. Kg1 Be3+ 32. Nf2 Rg6 33. Qh2 Qxg5+ 0-1

[Event "PRO League Group Stage"]
[Site "chess.com INT"]
[Date "2019.03.14"]
[Round "10"]
[White "Cornette, Matthieu"]
[Black "Pavasovic, Dusko"]
[Result "1-0"]
[WhiteTitle "GM"]
[BlackTitle "GM"]
[WhiteElo "2587"]
[BlackElo "2546"]
[WhiteTeam "Cannes Blitzstreams"]
[BlackTeam "Ljubljana Turtles"]
[WhiteFideId "620084"]
[BlackFideId "14600986"]
[EventDate "2019.01.08"]

1. e4 e5 2. Nf3 Nc6 3. Bb5 a6 4. Ba4 b5 5. Bb3 g6 6. h4 h6 7. d4 exd4 8. Nxd4
Bb7 9. h5 Bg7 10. hxg6 fxg6 11. Nxc6 Bxc6 12. Nc3 Qe7 13. O-O Qe5 14. Nd5 Qd6
15. Bf4 Be5 16. Bxe5 Qxe5 17. f4 Qd6 18. Qd4 Bxd5 19. Bxd5 Nf6 20. Rad1 O-O-O
21. c4 bxc4 22. Qxc4 Qb6+ 23. Kh1 Ng4 24. Rd3 c6 25. Rb3 Qa5 26. Bxc6 1-0

[Event "PRO League Group Stage"]
[Site "chess.com INT"]
[Date "2019.03.14"]
[Round "10"]
[White "Skuhala, Jernej"]
[Black "Libiszewski, Fabien"]
[Result "0-1"]
[WhiteTitle "FM"]
[BlackTitle "GM"]
[WhiteElo "2277"]
[BlackElo "2481"]
[WhiteTeam "Ljubljana Turtles"]
[BlackTeam "Cannes Blitzstreams"]
[WhiteFideId "14605651"]
[BlackFideId "616834"]
[EventDate "2019.01.08"]

1. e4 c5 2. Nf3 d6 3. d4 cxd4 4. Nxd4 Nf6 5. Nc3 Nc6 6. f3 e5 7. Nb3 Be7 8. Be3
Be6 9. Qd2 d5 10. exd5 Nxd5 11. Nxd5 Qxd5 12. Qxd5 Bxd5 13. O-O-O O-O-O 14. Bb5
Kc7 15. Rd2 a6 16. Be2 f5 17. Rhd1 Bf7 18. Rxd8 Rxd8 19. Rxd8 Bxd8 20. Nd2 Bf6
21. Bc4 Bg6 22. a3 Kd6 23. Bd3 Nd4 24. Kd1 Ne6 25. Nc4+ Kc7 26. Nb6 Kc6 27. Bc4
Nc7 28. Bb3 f4 29. Bf2 e4 30. Ba4+ Kd6 31. Nc4+ Ke6 32. Bb3 Kd7 33. c3 e3 34.
Be1 Bd3 35. Ba2 g5 36. Na5 b6 37. Nb3 Kd6 38. Nc1 Bf1 39. g3 Ne6 40. Ne2 Be5 41.
Bc4 Bg2 42. Ng1 b5 43. Bd3 h6 44. Ke2 Nc5 45. Bc2 Kd5 46. b4 Na4 47. Bb3+ Kc6
48. Bxa4 bxa4 49. Kd3 Bf1+ 50. Ke4 Bd6 51. gxf4 Bxf4 52. c4 Bxh2 53. b5+ axb5
54. cxb5+ Kxb5 55. f4 Bxg1 56. f5 e2 57. f6 Bc5 58. f7 Bxa3 59. Kd3 Kc6 60. Kc3
Kd7 61. Kc4 Ke7 62. Kb5 Kxf7 63. Kxa4 Bd6 64. Kb3 h5 65. Kc4 Ke6 66. Kd4 Kf5 67.
Ke3 Kg4 68. Kf2 Bc5# 0-1

[Event "PRO League Group Stage"]
[Site "chess.com INT"]
[Date "2019.03.14"]
[Round "10"]
[White "Bordi, Kevin"]
[Black "Stevanic, David"]
[Result "1-0"]
[BlackTitle "FM"]
[WhiteElo "2288"]
[BlackElo "2304"]
[WhiteTeam "Cannes Blitzstreams"]
[BlackTeam "Ljubljana Turtles"]
[WhiteFideId "621862"]
[BlackFideId "14613921"]
[EventDate "2019.01.08"]

1. d4 Nf6 2. Bg5 d5 3. Bxf6 exf6 4. e3 Bf5 5. Bd3 Bxd3 6. Qxd3 c6 7. Nf3 g6 8.
O-O f5 9. c4 dxc4 10. Qxc4 Bg7 11. Nc3 O-O 12. b4 Nd7 13. Qb3 b5 14. a4 a6 15.
a5 Qe7 16. Rfc1 Rac8 17. Ne2 Rfd8 18. Nf4 c5 19. bxc5 Nxc5 20. dxc5 Bxa1 21.
Rxa1 Rxc5 22. h4 Rdc8 23. Ng5 h6 24. Nf3 g5 25. hxg5 hxg5 26. Ne2 f4 27. Nfd4
fxe3 28. Qxe3 Qxe3 29. fxe3 Re8 30. Kf2 b4 31. Ra4 Rce5 32. Rxb4 Rxa5 33. Ng3
Rae5 34. Ngf5 a5 35. Rb7 Rf8 36. Ra7 Kh7 37. Kf3 Kg6 38. Ra6+ f6 39. g4 Rf7 40.
Nc6 Rc5 41. Nxa5 Rfc7 42. Nb3 Rc2 43. Nbd4 Rd2 44. Ra8 Rh7 45. Ke4 Rhh2 46. Rg8+
Kf7 47. Rg7+ Ke8 48. Nd6+ Kd8 49. Ne6# 1-0

[Event "PRO League Group Stage"]
[Site "chess.com INT"]
[Date "2019.03.14"]
[Round "10"]
[White "Tari, Aryan"]
[Black "Vachier-Lagrave, Maxime"]
[Result "1-0"]
[WhiteTitle "GM"]
[BlackTitle "GM"]
[WhiteElo "2625"]
[BlackElo "2780"]
[WhiteTeam "Norway Gnomes"]
[BlackTeam "Marseille Migraines"]
[WhiteFideId "1510045"]
[BlackFideId "623539"]
[EventDate "2019.01.08"]

1. d4 Nf6 2. c4 g6 3. Nc3 d5 4. Nf3 Bg7 5. cxd5 Nxd5 6. Na4 Nf6 7. Nc3 Bf5 8.
Nh4 Be4 9. f3 Bc6 10. e4 O-O 11. Be3 e6 12. g3 Re8 13. Be2 Nbd7 14. O-O Nb6 15.
Qc2 e5 16. d5 Bd7 17. a4 Nc8 18. a5 Nd6 19. a6 b6 20. b4 Nh5 21. Ng2 f5 22. exf5
gxf5 23. Bd3 Qf6 24. Rac1 Qf7 25. Bd2 Kh8 26. f4 e4 27. Be2 Nf6 28. Rfd1 Rac8
29. Be3 h5 30. Qd2 Kh7 31. Nb1 Ng4 32. Bd4 Ba4 33. Re1 Qxd5 34. Bxg7 Qxd2 35.
Nxd2 Kxg7 36. h3 Nf6 37. Ne3 Bd7 38. Nb3 Kf7 39. Kf2 Rg8 40. Rg1 Ke7 41. Rc3 c6
42. Rgc1 h4 43. gxh4 Rh8 44. Nd4 Rxh4 45. Nxc6+ Bxc6 46. Rxc6 Rxc6 47. Rxc6 Nfe8
48. Kg3 Rh7 49. h4 Kd7 50. b5 Nc7 51. Nc4 Ncxb5 52. Ne5+ Kd8 53. h5 e3 54. Kh4
Ke7 55. Kg5 Ne4+ 56. Kxf5 Ng3+ 57. Kg6 Nxe2 58. Kxh7 Nxf4 59. Ng6+ Kd7 60. Nxf4
Kxc6 61. Kg6 Nc7 62. h6 Ne6 63. Nxe6 1-0

[Event "PRO League Group Stage"]
[Site "chess.com INT"]
[Date "2019.03.14"]
[Round "10"]
[White "Fressinet, Laurent"]
[Black "Christiansen, Johan-Sebastian"]
[Result "1/2-1/2"]
[WhiteTitle "GM"]
[BlackTitle "GM"]
[WhiteElo "2655"]
[BlackElo "2559"]
[WhiteTeam "Marseille Migraines"]
[BlackTeam "Norway Gnomes"]
[WhiteFideId "608742"]
[BlackFideId "1512668"]
[EventDate "2019.01.08"]

1. e4 e6 2. d4 d5 3. exd5 exd5 4. Nf3 Bd6 5. c4 dxc4 6. Bxc4 Nf6 7. O-O O-O 8.
Bg5 h6 9. Bh4 Bg4 10. h3 Bh5 11. g4 Bg6 12. Ne5 Bh7 13. Nc3 Nc6 14. f4 Be7 15.
Nxc6 bxc6 16. f5 Rb8 17. b3 Nd5 18. Bxe7 Qxe7 19. Bxd5 Qe3+ 20. Kg2 Qxc3 21. Bc4
Rbd8 22. Rc1 Qxd4 23. Qxd4 Rxd4 24. Rce1 Rd7 25. Re5 g6 26. f6 g5 27. Re7 Rd6
28. Rxc7 Be4+ 29. Kg3 Rd2 30. Rf2 Rd1 31. Re2 Bd5 32. Bxd5 cxd5 33. Rxa7 Rc8 34.
Rae7 d4 35. Re8+ Rxe8 36. Rxe8+ Kh7 37. Rd8 Kg6 38. Rd6 Rd2 39. Ra6 d3 40. Rd6
Rxa2 41. Rxd3 Kxf6 1/2-1/2

[Event "PRO League Group Stage"]
[Site "chess.com INT"]
[Date "2019.03.14"]
[Round "10"]
[White "Hauge, Lars Oskar"]
[Black "Moussard, Jules"]
[Result "1-0"]
[WhiteTitle "IM"]
[BlackTitle "GM"]
[WhiteElo "2466"]
[BlackElo "2605"]
[WhiteTeam "Norway Gnomes"]
[BlackTeam "Marseille Migraines"]
[WhiteFideId "1509276"]
[BlackFideId "642908"]
[EventDate "2019.01.08"]

1. d4 d6 2. e4 Nf6 3. Nc3 g6 4. f4 Bg7 5. Bd3 O-O 6. Nf3 Nc6 7. e5 dxe5 8. fxe5
Nh5 9. Be2 Bg4 10. O-O f6 11. d5 Nxe5 12. Nxe5 Bxe2 13. Qxe2 fxe5 14. Be3 Qd7
15. Rad1 Nf4 16. Qf3 Rf7 17. Qe4 Raf8 18. g3 Nh5 19. Rxf7 Rxf7 20. Rf1 Nf6 21.
Qc4 a6 22. a4 h5 23. a5 Qh3 24. Qe2 h4 25. Qg2 Qxg2+ 26. Kxg2 Ng4 27. Rxf7 Kxf7
28. Bc5 e6 29. Kh3 hxg3 30. hxg3 Nh6 31. d6 cxd6 32. Bxd6 Nf5 33. Bc5 Ke8 34.
Kg4 Bh6 35. Kf3 Kd7 36. g4 Nd4+ 37. Bxd4 exd4 38. Ne2 e5 39. Ke4 Kd6 40. Ng1 Bd2
41. Nf3 Bxa5 42. Nxe5 Bd8 43. Nxg6 Bf6 44. Nf4 b5 45. b4 Bg7 46. g5 Bh8 47. Nh5
Ke6 48. g6 d3 49. g7 dxc2 50. g8=Q+ 1-0

[Event "PRO League Group Stage"]
[Site "chess.com INT"]
[Date "2019.03.14"]
[Round "10"]
[White "Tomczak, Jacek"]
[Black "Van Foreest, Jorden"]
[Result "1/2-1/2"]
[WhiteTitle "GM"]
[BlackTitle "GM"]
[WhiteElo "2631"]
[BlackElo "2612"]
[WhiteTeam "Berlin Bears"]
[BlackTeam "Amsterdam Mosquitoes"]
[WhiteFideId "1124668"]
[BlackFideId "1039784"]
[EventDate "2019.01.08"]

1. e4 c5 2. Nf3 d6 3. d4 cxd4 4. Nxd4 Nf6 5. Nc3 a6 6. Bc4 e6 7. Bb3 Nbd7 8. O-O
Nc5 9. Qe2 b5 10. Bg5 Be7 11. Nc6 Qc7 12. Nxe7 Qxe7 13. e5 dxe5 14. Qxe5 Bb7 15.
Rad1 Nxb3 16. axb3 Rc8 17. Rd6 O-O 18. Rfd1 Rfd8 19. b4 Rxd6 20. Rxd6 Rd8 21.
Rxd8+ Qxd8 22. h3 h6 23. Bxf6 gxf6 24. Qe3 Kg7 25. Kh2 Qc7+ 26. Qg3+ Qxg3+ 27.
Kxg3 f5 28. Ne2 Kf6 29. f4 Ke7 30. Kf2 f6 31. g3 e5 32. Ke3 Kd6 33. Nc1 Be4 34.
c3 Kd5 35. Nb3 Bg2 36. h4 Kd6 37. Kf2 Bd5 38. Nd2 Be6 39. Ke3 Bf7 40. Nf3 Bd5
41. Ne1 Be4 42. b3 Kd5 43. h5 Kd6 44. c4 Ke6 45. Kd2 Kd6 46. Ke3 Ke6 47. Kd2 Kd6
48. Ke3 Ke6 1/2-1/2

[Event "PRO League Group Stage"]
[Site "chess.com INT"]
[Date "2019.03.14"]
[Round "10"]
[White "Klein, David"]
[Black "Braun, Arik"]
[Result "1-0"]
[WhiteTitle "GM"]
[BlackTitle "GM"]
[WhiteElo "2492"]
[BlackElo "2598"]
[WhiteTeam "Amsterdam Mosquitoes"]
[BlackTeam "Berlin Bears"]
[WhiteFideId "1003623"]
[BlackFideId "4663527"]
[EventDate "2019.01.08"]

1. Nf3 Nf6 2. b3 d6 3. Bb2 e5 4. c4 Bg4 5. Nc3 Nc6 6. e3 g6 7. h3 Bxf3 8. Qxf3
Bg7 9. g4 Nd7 10. h4 h5 11. g5 a5 12. Nd5 O-O 13. Qd1 Ne7 14. Bg2 Nxd5 15. Bxd5
c6 16. Bf3 Nc5 17. d4 exd4 18. Bxd4 Qe7 19. Bxg7 Kxg7 20. Qd4+ Kg8 21. Rd1 Rfd8
22. O-O Qe6 23. Rd2 Qf5 24. Bg2 Ne6 25. Qe4 Qc5 26. Bh3 Re8 27. Qf3 a4 28. Rfd1
axb3 29. axb3 Rad8 30. Qf6 Rd7 31. Qc3 Qa3 32. Ra1 Qc5 33. b4 Qb6 34. Rad1 Qd8
35. Rd3 Qe7 36. Qd2 Red8 37. Kg2 d5 38. c5 Ra8 39. Qb2 Rdd8 40. Ra1 Nf8 41. Rd4
Qe8 42. Ra5 Rxa5 43. bxa5 Ra8 44. Ra4 Qe7 45. Qd4 Nd7 46. Bxd7 Qxd7 47. Qf6 Qc7
48. e4 Rxa5 49. Rd4 Rxc5 50. e5 Qd7 51. Ra4 Ra5 52. e6 Qxe6 53. Qxe6 Rxa4 54.
Qe8+ Kg7 55. Qe5+ Kg8 56. Qb8+ Kg7 57. Qxb7 Rc4 58. Kg3 Kg8 59. Qe7 Kg7 60. f3
Kg8 61. f4 Kg7 62. f5 Rg4+ 63. Kh3 gxf5 64. Qf6+ Kg8 65. Qxf5 d4 66. Qc8+ Kg7
67. Qxc6 Rf4 68. Qh6+ Kg8 69. Qxh5 d3 70. Qd1 Rd4 71. Qd2 Rd5 72. Kg4 Kg7 73.
Qc3+ Kg8 74. Qd2 Kg7 75. Kh5 Kg8 76. Kg4 Kg7 77. Kg3 Kg8 78. Kf4 Kg7 79. Ke4 Rd8
80. h5 Kg8 81. Qxd3 Rxd3 82. Kxd3 Kg7 83. Ke4 Kg8 84. Kf5 Kg7 85. h6+ Kh7 86.
Kf6 Kg8 87. h7+ Kxh7 88. Kxf7 Kh8 89. Kg6 Kg8 90. Kh6 Kh8 91. g6 Kg8 92. g7 1-0

[Event "PRO League Group Stage"]
[Site "chess.com INT"]
[Date "2019.03.14"]
[Round "10"]
[White "Bezold, Michael"]
[Black "Admiraal, Miguoel"]
[Result "1-0"]
[WhiteTitle "GM"]
[BlackTitle "IM"]
[WhiteElo "2487"]
[BlackElo "2478"]
[WhiteTeam "Berlin Bears"]
[BlackTeam "Amsterdam Mosquitoes"]
[WhiteFideId "4601718"]
[BlackFideId "1019716"]
[EventDate "2019.01.08"]

1. b3 a5 2. a3 d5 3. Bb2 Bf5 4. d3 Nf6 5. g3 e6 6. Bg2 h6 7. Nd2 Bh7 8. e4 dxe4
9. dxe4 Nc6 10. e5 Nd5 11. Ngf3 Bc5 12. O-O O-O 13. Qe2 Ba7 14. Ne4 Nde7 15.
Rad1 Qe8 16. h4 Rd8 17. Bh3 Nf5 18. c3 Qe7 19. b4 Rxd1 20. Rxd1 Rd8 21. Rxd8+
Qxd8 22. Bc1 axb4 23. axb4 Qd5 24. Bg2 Nfe7 25. Nfg5 hxg5 26. Nf6+ gxf6 27. Bxd5
Nxd5 28. exf6 Nxf6 29. b5 Nb8 30. Qa2 Bb6 31. Qa8 Nd7 32. Bxg5 Be4 33. c4 Kg7
34. h5 Bd3 35. Qa3 Bf5 36. h6+ Kg6 37. Bf4 Bc5 38. Qc3 f6 39. Bxc7 Kxh6 40. Bxb8
Nxb8 41. Qxf6+ Kh7 42. Qf7+ Kh6 43. Qxb7 Nd7 44. Qxd7 e5 45. Qxf5 1-0

[Event "PRO League Group Stage"]
[Site "chess.com INT"]
[Date "2019.03.14"]
[Round "10"]
[White "Lopez, Jasel"]
[Black "Osmanodja, Filiz"]
[Result "1-0"]
[WhiteTitle "FM"]
[BlackTitle "WIM"]
[WhiteElo "2388"]
[BlackElo "2318"]
[WhiteTeam "Amsterdam Mosquitoes"]
[BlackTeam "Berlin Bears"]
[WhiteFideId "15900045"]
[BlackFideId "24633569"]
[EventDate "2019.01.08"]

1. d4 Nf6 2. c4 e6 3. Nf3 Bb4+ 4. Bd2 a5 5. g3 d5 6. a3 Be7 7. Qc2 c5 8. cxd5
cxd4 9. Bg2 O-O 10. Nxd4 Nxd5 11. Nc3 Nb6 12. Ncb5 Bf6 13. Nb3 a4 14. Nc5 Bd7
15. Nxb7 Qc8 16. Qxc8 Nxc8 17. Nc5 Bc6 18. O-O Bxg2 19. Kxg2 Bxb2 20. Rab1 Bf6
21. Nc7 Ra7 22. N7xe6 fxe6 23. Rxb8 Be5 24. Rbb1 Bd6 25. Be3 Re7 26. Rfd1 Rf5
27. Nxa4 Bxa3 28. Rb8 Rf8 29. Rd3 Bd6 30. Rxc8 Rxc8 31. Rxd6 Rc2 32. Kf1 Ra2 33.
Nc5 Ra1+ 34. Kg2 Kf7 35. Bg5 Re8 36. Rd7+ Kg6 37. Be3 Ra2 38. Rd2 Rxd2 39. Bxd2
Kf7 40. Nd3 Rd8 41. Bc3 Rc8 42. Bd4 Rd8 43. Be5 Rd5 44. Kf3 g6 45. Ke4 Ra5 46.
h4 Ra4+ 47. Bd4 Rc4 48. Ne5+ Ke7 49. Nxc4 1-0

[Event "PRO League Group Stage"]
[Site "chess.com INT"]
[Date "2019.03.14"]
[Round "10"]
[White "Lagarde, Maxime"]
[Black "Alekseenko, Kirill"]
[Result "0-1"]
[WhiteTitle "GM"]
[BlackTitle "GM"]
[WhiteElo "2604"]
[BlackElo "2637"]
[WhiteTeam "Cannes Blitzstreams"]
[BlackTeam "Baden-Baden Snowballs"]
[WhiteFideId "662399"]
[BlackFideId "4135539"]
[EventDate "2019.01.08"]

1. e4 c5 2. Nc3 Nc6 3. Bb5 Nd4 4. Nf3 g6 5. O-O Bg7 6. Re1 Nxb5 7. Nxb5 a6 8.
Nc3 d6 9. e5 dxe5 10. Nxe5 Nf6 11. Qf3 O-O 12. d3 Qd4 13. h3 Nd7 14. Nxd7 Qxd7
15. Nd5 Qd8 16. Nxe7+ Kh8 17. Bg5 f6 18. Bd2 Rf7 19. Qd5 Qxd5 20. Nxd5 Bd7 21.
Nb6 Rd8 22. Nxd7 Rfxd7 23. Bc3 Kg8 24. Re6 Kf7 25. Rae1 Rc8 26. Rb6 c4 27. Re3
f5 28. Bxg7 Kxg7 29. d4 Rxd4 30. Rxb7+ Kf6 31. Rb6+ Kg5 32. Rxa6 Rd1+ 33. Kh2
Rd2 34. Rc3 Rxf2 35. Ra4 Rb8 36. b3 cxb3 37. axb3 Re8 38. Rg3+ Kh5 39. c4 Re1
40. c5 Rc2 41. Rc4 Rxc4 42. bxc4 Rc1 43. Rd3 Rxc4 44. Rd7 h6 45. Rc7 f4 46. c6
g5 47. Rc8 Rc2 48. c7 Rc1 49. g4+ Kh4 50. Rh8 Rc2+ 51. Kg1 Rxc7 52. Rxh6+ Kg3
53. Kf1 f3 0-1

[Event "PRO League Group Stage"]
[Site "chess.com INT"]
[Date "2019.03.14"]
[Round "10"]
[White "Donchenko, Alexander"]
[Black "Cornette, Matthieu"]
[Result "1-0"]
[WhiteTitle "GM"]
[BlackTitle "GM"]
[WhiteElo "2604"]
[BlackElo "2587"]
[WhiteTeam "Baden-Baden Snowballs"]
[BlackTeam "Cannes Blitzstreams"]
[WhiteFideId "24603295"]
[BlackFideId "620084"]
[EventDate "2019.01.08"]

1. Nf3 d5 2. g3 g6 3. Bg2 Bg7 4. d4 c6 5. O-O Nf6 6. b3 O-O 7. Bb2 Bf5 8. c4
Nbd7 9. e3 Ne4 10. Qe2 a5 11. cxd5 cxd5 12. Nc3 Nxc3 13. Bxc3 Be4 14. Qb5 b6 15.
Rac1 Nf6 16. Ne5 Bxg2 17. Kxg2 Qd6 18. Bb2 Rfc8 19. Rc6 Rxc6 20. Nxc6 Nd7 21.
Rc1 e6 22. a4 Bf8 23. Ne5 Nxe5 24. dxe5 Qb4 25. Bd4 Qxb5 26. axb5 a4 27. bxa4
Rxa4 28. Bxb6 Rb4 29. Rc8 Rxb5 30. Bd8 Rb7 31. Bf6 h5 32. h4 Ra7 33. f3 Rb7 34.
g4 Ra7 35. gxh5 gxh5 36. Kg3 Rd7 37. Ra8 Rb7 38. Kf4 Rd7 39. Kg5 1-0

[Event "PRO League Group Stage"]
[Site "chess.com INT"]
[Date "2019.03.14"]
[Round "10"]
[White "Libiszewski, Fabien"]
[Black "Kollars, Dmitrij"]
[Result "0-1"]
[WhiteTitle "GM"]
[BlackTitle "GM"]
[WhiteElo "2481"]
[BlackElo "2562"]
[WhiteTeam "Cannes Blitzstreams"]
[BlackTeam "Baden-Baden Snowballs"]
[WhiteFideId "616834"]
[BlackFideId "12909572"]
[EventDate "2019.01.08"]

1. e4 e5 2. Nf3 Nc6 3. Bb5 a6 4. Ba4 Nf6 5. O-O Bc5 6. d3 b5 7. Bb3 d6 8. c3 Bb7
9. Bg5 h6 10. Bh4 Bb6 11. Re1 g5 12. Bg3 Qe7 13. d4 h5 14. h4 Nh7 15. d5 Nb8 16.
hxg5 Nxg5 17. Nh4 Qf6 18. a4 Nd7 19. axb5 axb5 20. Rxa8+ Bxa8 21. Na3 Nf8 22.
Nxb5 Ng6 23. Kh1 Bb7 24. Bc2 Bc8 25. Bd3 Nh3 26. Nxc7+ Bxc7 27. Nxg6 h4 28. Qa4+
Kd8 29. Nxh8 hxg3 30. fxg3 Qxh8 31. Qc6 Nf2+ 32. Kg1 Nxd3 33. Re2 Qh6 34. Qc4
Bb6+ 0-1

[Event "PRO League Group Stage"]
[Site "chess.com INT"]
[Date "2019.03.14"]
[Round "10"]
[White "Agrest, Inna"]
[Black "Bordi, Kevin"]
[Result "1-0"]
[WhiteTitle "WIM"]
[WhiteElo "2275"]
[BlackElo "2288"]
[WhiteTeam "Baden-Baden Snowballs"]
[BlackTeam "Cannes Blitzstreams"]
[WhiteFideId "1708830"]
[BlackFideId "621862"]
[EventDate "2019.01.08"]

1. e4 d5 2. exd5 Qxd5 3. Nc3 Qa5 4. Nf3 Nf6 5. Bc4 Bg4 6. d4 Nc6 7. h3 Bxf3 8.
gxf3 O-O-O 9. Be3 Nxd4 10. Bxd4 e5 11. Kf1 exd4 12. Ne4 Nh5 13. Bxf7 Nf4 14. Bc4
Qh5 15. Ng3 Qc5 16. b3 d3 17. Bxd3 Be7 18. Ne4 Qd4 19. Rc1 Ba3 20. Rb1 Rhf8 21.
Ng3 g6 22. Ne2 Nxe2 23. Qxe2 Bc5 24. Be4 Rde8 25. Rh2 Rd8 26. Re1 Bb4 27. Rb1 c6
28. c4 Qc3 29. Qe3 Qe5 30. Rg2 Bc5 31. Qe2 Qf4 32. Rd1 Rxd1+ 33. Qxd1 Rd8 34.
Qe1 Rd2 35. a4 Qd6 36. Bd5 Rd4 37. Qe8+ Kc7 38. Qf7+ Kb6 39. a5+ Kxa5 40. Qxb7
cxd5 41. Qb5# 1-0

[Event "PRO League Group Stage"]
[Site "chess.com INT"]
[Date "2019.03.14"]
[Round "10"]
[White "Vallejo Pons, Francisco"]
[Black "Sebenik, Matej"]
[Result "1-0"]
[WhiteTitle "GM"]
[BlackTitle "GM"]
[WhiteElo "2698"]
[BlackElo "2540"]
[WhiteTeam "Barcelona Raptors"]
[BlackTeam "Ljubljana Turtles"]
[WhiteFideId "2205530"]
[BlackFideId "14602296"]
[EventDate "2019.01.08"]

1. d4 Nf6 2. c4 e6 3. Nc3 Bb4 4. Qc2 O-O 5. e4 d5 6. e5 Ne4 7. Bd3 c5 8. Nf3
cxd4 9. Nxd4 Nd7 10. Bf4 Qh4 11. g3 Qh5 12. h4 Nxe5 13. Be2 Ng4 14. Bxg4 Qxg4
15. f3 Qh5 16. g4 Qg6 17. fxe4 e5 18. Bxe5 Re8 19. O-O-O Bxc3 20. exd5 Rxe5 21.
Qxc3 Bxg4 22. Rde1 Rae8 23. b3 h5 24. Rxe5 Rxe5 25. Re1 Re4 26. Kb2 Rxe1 27.
Qxe1 Qf6 28. Kc3 g5 29. hxg5 Qxg5 30. d6 Bd7 31. Qe4 Qg3+ 32. Qf3 Qxf3+ 33. Nxf3
Kg7 34. Ne5 h4 35. Nxd7 h3 36. Nc5 h2 37. d7 h1=Q 38. d8=Q Qa1+ 39. Kb4 Qxa2 40.
Qg5+ Kh7 41. Qh5+ Kg7 42. Qg5+ Kh7 43. Nxb7 Qf2 44. Qh5+ Kg7 45. Qg5+ Kh7 46.
Nc5 Qe1+ 47. Ka4 Qe8+ 48. Ka3 a5 49. Qh5+ Kg7 50. Qg5+ Kh7 51. Qh4+ Kg7 52. Qg4+
Kh7 53. Qe4+ 1-0

[Event "PRO League Group Stage"]
[Site "chess.com INT"]
[Date "2019.03.14"]
[Round "10"]
[White "Pavasovic, Dusko"]
[Black "Diaz Camallonga, Carles"]
[Result "1/2-1/2"]
[WhiteTitle "GM"]
[BlackTitle "IM"]
[WhiteElo "2546"]
[BlackElo "2432"]
[WhiteTeam "Ljubljana Turtles"]
[BlackTeam "Barcelona Raptors"]
[WhiteFideId "14600986"]
[BlackFideId "22235256"]
[EventDate "2019.01.08"]

1. e4 e6 2. d4 d5 3. Nd2 c5 4. Ngf3 cxd4 5. exd5 Qxd5 6. Bc4 Qd6 7. O-O Nf6 8.
Nb3 Nc6 9. Nbxd4 Nxd4 10. Nxd4 Be7 11. Bb3 O-O 12. Be3 Bd7 13. Qf3 Qc7 14. Rad1
Bd6 15. Qh3 Bf4 16. Bxf4 Qxf4 17. Qg3 Qxg3 18. hxg3 a5 19. a4 Rac8 20. c3 Ne4
21. Bc2 Nc5 22. b3 e5 23. Nf3 f6 24. Rd6 Bc6 25. Rfd1 Be4 26. Bxe4 Nxe4 27. Rb6
Rc7 28. c4 Nc5 29. Rd5 Rfc8 30. g4 Rc6 31. Rb5 b6 32. g5 Ne6 33. gxf6 gxf6 34.
Rd7 Nc7 35. Nh4 Nxb5 36. axb5 Re6 37. Nf5 Kh8 38. Nd6 Ra8 39. Nf7+ Kg8 40. Nh6+
Kf8 41. Rxh7 Rd8 42. Rh8+ Ke7 43. Nf5+ Kd7 44. Rh7+ Kc8 45. Ne7+ Rxe7 46. Rxe7
Rd3 47. Re6 Kc7 48. Rc6+ Kb7 49. Rxf6 Rxb3 50. Rf7+ Kb8 51. Rf8+ Kb7 52. Rf7+
Kb8 53. Rf8+ Kb7 54. Rf7+ Kb8 1/2-1/2

[Event "PRO League Group Stage"]
[Site "chess.com INT"]
[Date "2019.03.14"]
[Round "10"]
[White "Alvarado Diaz, Alejandro"]
[Black "Skuhala, Jernej"]
[Result "0-1"]
[WhiteTitle "IM"]
[BlackTitle "FM"]
[WhiteElo "2388"]
[BlackElo "2277"]
[WhiteTeam "Barcelona Raptors"]
[BlackTeam "Ljubljana Turtles"]
[WhiteFideId "2276119"]
[BlackFideId "14605651"]
[EventDate "2019.01.08"]

1. Nf3 Nf6 2. g3 e6 3. Bg2 d5 4. c4 Be7 5. O-O O-O 6. d4 dxc4 7. Qc2 a6 8. a4
Bd7 9. Rd1 Bc6 10. Nc3 Bb4 11. Bg5 Nbd7 12. e4 Bxc3 13. d5 exd5 14. exd5 Bxa4
15. Rxa4 b5 16. Raa1 Bb4 17. Nd4 Bd6 18. b3 cxb3 19. Qxb3 h6 20. Nc6 Qc8 21. Bf4
Nc5 22. Qc2 Qd7 23. Be3 Na4 24. Bd4 Nh7 25. Be4 f5 26. Bg2 Nb6 27. Re1 Nc4 28.
Qc3 Nf6 29. Re6 Ne4 30. Qc2 Ng5 31. Rg6 Rf7 32. h4 Ne4 33. g4 Re8 34. Rxa6 Kh7
35. h5 Bc5 36. Bxe4 Rxe4 37. Bxc5 Re1+ 38. Kg2 Qxd5+ 39. f3 Qxc5 40. Qf2 Ne3+
41. Kh2 Nxg4+ 0-1